000 01092cab a2200265 4500
001 WB2912-45
008 090401t1993 xxu||||| |||| 00| 0 eng d
035 _a(Sirsi) u16723
041 _aeng
245 _aAgricultural holdings: New tenancy
260 _c1993
350 _a0
490 _aEstates Gazette Case Summaries
_v1993 EGCS 44 20 March 1993(1)
520 _a"Re Trustees of FP Saunders v Ralph" QBD 9 March 1993 concerned a son succeeding as a tenant of a farm previously held by his father and grandfather as joint tenants. The point at issue was whether the son was the first or second successor to the tenancy. It was held that the son was the first successor.
650 _aAGRICULTURAL HOLDINGS ACT 1986
650 _aPROPERTY-LANDLORD AND TENANT-TENANCIES-AGRICULTURAL TENANCIES
650 _aBRITISH & BENNINGTONS LTD V NW CACHER TEA CO LTD
650 _aJOINT TENANTS
650 _aMORRIS V BARON & CO
650 _aNOVATION
650 _aSUCCESSION
690 _aLANDLORD AND TENANT-CASE LAW-AGRICULTURAL TENANCIES
942 _n0
948 _c04/03/1997
999 _c11049
_d11049